| 000 | 00348 a2200157 4500 | ||
|---|---|---|---|
| 001 | 58071 | ||
| 020 | _a | ||
| 040 | _cAnchieta - Pituba | ||
| 100 | _aCarvalho, José Theotônio de | ||
| 240 | 1 | 0 |
_a100 sonetos singulares _lpor |
| 245 | 1 | 0 | _a100 sonetos singulares |
| 300 | _a128 | ||
| 362 | 0 | _a1999 | |
| 650 | 4 | _aPoesia brasileira | |
| 942 | _cBK | ||
| 999 |
_c58071 _d58071 |
||